Solar radiation data from satellite images : determination of solar radiation at ground level from images of the earth transmitted by meteorological satellites

Αποθηκεύτηκε σε:
Λεπτομέρειες βιβλιογραφικής εγγραφής
Κύριος συγγραφέας: Gruter, W.
Μορφή: Βιβλίο
Γλώσσα:English
Δημοσίευση: Boston : D. Reidel , 1986
Σειρά:Solar energy R & D in the European Community. Series F, Solar radiation data ; ; 4
Θέματα:
Ετικέτες: Προσθήκη ετικέτας
Δεν υπάρχουν, Καταχωρήστε ετικέτα πρώτοι!

MARC

LEADER 00000nam a2200000 i 4500
001 1/96290
008 960619s1986 eng d
020 |a 90-277-2204-8 
035 |l 10010125 
040 |a GR-MY-UA  |b gre  |e aacr 
041 0 |a eng 
082 0 |a 551.5271 
100 1 |a Gruter, W. 
245 1 0 |a Solar radiation data from satellite images :  |b determination of solar radiation at ground level from images of the earth transmitted by meteorological satellites /  |c W. Gruter...[et.al] 
260 |a Boston :   |b D. Reidel ,   |c 1986 
300 |a 100 p. 
490 1 |a Solar energy R & D in the European Community. Series F, Solar radiation data  |v ; 4 
504 |a Includes bibliographical references 
650 0 0 |a Solar radiation  |x Observations. 
650 0 0 |a Solar radiation  |x Remote sensing. 
650 0 0 |a Astronautics in meteorology. 
830 0 |a Solar energy R & D in the European Community. Series F, Solar radiation data ;  |v ; 4 
852 |a INST  |b LESVOS  |e 19960619  |h 551.5271 SOL  |p 005100009901  |q 005100009901  |t BK  |y 0 
909 |a Λ  |b 037089